00545 2200181 4500245012500000020002200125250001100147100002000158700002100178700001400199650003700213005001900250260003300269041001400302084001200316300002600328336000900354 aEnsiklopedia Pemerintahan & Kewarganegaraan b : Sistem dan Bentuk Pemerintahan di Dunia jilid 3cKenneth MinoguehText a978-979-3535-78-4 aCet. 1 aKenneth Minogue aDina C Hermandez aJo Scraba aPemerintahan dan Kewarganegaraan a20240926113523 aJakartabLENTERA ABADIc2010 aIndonesia aR 320.9 aix, 335 hlm, :c30 cm atext